00330nam a2200133Ia 4500008004100000041000800041082001400049100001900063245003400082250001400116260002600130300003100156365000900187240624s9999 xx 000 0 und d aeng a332.6 HOL aHOLDEN CRAIG W aEXCEL MODELING IN INVESTMENTS a(4th ed.) c2012aBostonbPearson axvi, : 227 : p. : cm. ; 27 cb27